Elecciones en Costa Rica; un enfoque crítico /
Guardado en:
| Hovedforfatter: | |
|---|---|
| Andre forfattere: | |
| Format: | Texto |
| Fag: | |
| Tags: |
Tilføj Tag
Ingen Tags, Vær først til at tagge denne postø!
|
MARC
| LEADER | 00000 a a2200000 04500 | ||
|---|---|---|---|
| 001 | 1542 | ||
| 003 | |||
| 040 | |||
| 100 | |a Solís Avendaño, Manuel Antonio | ||
| 245 | |a Elecciones en Costa Rica; un enfoque crítico / |c Manuel Antonio Solís Avendaño ; Manuel Rojas Bolaños | ||
| 650 | |a ELECCIONES | ||
| 650 | |a GUERRA CIVIL | ||
| 650 | |a COMUNISMO | ||
| 650 | |a CENTROAMERICA | ||
| 700 | |a Rojas Bolaños, Manuel | ||
| 773 | |g número 8; páginas 13-19 | ||
| 999 | |c 39308 |d 39308 | ||
